000 01139cam a2200265 i 4500
003 SA-RiAUC
005 20260315130803.0
008 260124s1873 le g 00000 ara c
040 _aSA-RiAUC
_bara
_cSA-RiAUC
_erda
082 0 4 _a327.1
090 _aم ن 327.1
_bا و ط
100 1 _aأوطوقار، أشلختا،
_d1825-1894
_eمؤلف.
245 1 0 _aحقوق الأمم /
_cأشلختا أوطوقار ؛ ترجمة نوفل بن نعمة الله بن جرجس نوفل الطرابلسي.
264 1 _aبيروت :
_bنوفل بن نعمة الله بن جرجس نوفل الطرابلسي،
_c1873
300 _a92 صفحة ؛
_c29 سم
336 _aنص
_btxt
_2rdacontent
_3كتاب
337 _aبدون وسيط
_bn
_2rdamedia
338 _aمجلد
_bnc
_2rdacarrier
650 7 _aالعلاقات الخارجية
_2aucsh
650 7 _aالسياسة الدولية
_2aucsh
650 7 _aالديمقراطية
_2aucsh
700 1 _aنوفل نوفل، نوفل بن نعمة الله بن جرجس،
_d1227-1305 هجري
_eمترجم.
942 _2ddc
_cRBOOK COPY
_n0
949 _aSA-JeALM
_d260124
_umohamedma123
_n1
999 _c14595
_d14595